Manažment prevádzky cestovnej kancelárie
Saved in:
| Main Author: | |
|---|---|
| Format: | Book |
| Language: | Slovak |
| Published: |
Banská Bystrica
Univerzita Mateja Bela, Ekonomická fakulta v Banskej Bystrici
2011
|
| Edition: | 1. vyd. |
| Subjects: | |
| Tags: |
No Tags, Be the first to tag this record!
|
MARC
| LEADER | 00000nam a2200000 4500 | ||
|---|---|---|---|
| 001 | 0150331 | ||
| 005 | 20220909124604.4 | ||
| 020 | |a 978-80-557-0314-5 | ||
| 041 | 0 | |a slo | |
| 044 | |a SK | ||
| 245 | 1 | 0 | |a Manažment prevádzky cestovnej kancelárie |c Kristína Pompurová |
| 250 | |a 1. vyd. | ||
| 264 | 1 | |a Banská Bystrica |b Univerzita Mateja Bela, Ekonomická fakulta v Banskej Bystrici |c 2011 | |
| 300 | |a 139 s. | ||
| 610 | 2 | 0 | |a ruch cestovný |
| 610 | 2 | 0 | |a turistika |
| 610 | 2 | 0 | |a kancelárie cestovné |
| 610 | 2 | 0 | |a podnik |
| 610 | 2 | 0 | |a legislatíva |
| 610 | 2 | 0 | |a štruktúra organizačná |
| 610 | 2 | 0 | |a zabezpečenie personálne |
| 610 | 2 | 0 | |a produkty |
| 610 | 2 | 0 | |a distribúcia |
| 610 | 2 | 0 | |a komunikácia marketingová |
| 610 | 2 | 0 | |a katalógy |
| 610 | 2 | 0 | |a riadenie |
| 610 | 2 | 0 | |a sťažnosti |
| 610 | 2 | 0 | |a manažment krízový |
| 610 | 2 | 0 | |a štúdie prípadové |
| 100 | 1 | |a Pompurová, Kristína | |